| 000 | 01047nac a22003011u 4500 | ||
|---|---|---|---|
| 003 | EG-ScBUE | ||
| 005 | 20220830111021.0 | ||
| 008 | 200219t1974 nyua f b 001 0 eng d | ||
| 020 | _a0807606782 (pbk.) | ||
| 040 |
_aEG-ScBUE _beng _erda _cEG-ScBUE _dEG-ScBUE |
||
| 082 | 0 | 4 |
_a711.40938 _bWAR _222 |
| 100 | 1 |
_aWard-Perkins, J. B. _q(John Bryan), _d1912-1981, _eauthor. |
|
| 245 | 1 | 0 |
_aCities of ancient Greece and Italy : _bplanning in classical antiquity / _cJ. B. Ward-Perkins. |
| 264 | 1 |
_aNew York : _bGeorge Braziller, _c[1974] |
|
| 264 | 4 | _cc1974 | |
| 300 |
_a128 pages : _billustrations ; _c25 cm. |
||
| 336 |
_2rdacontent _atext _btxt |
||
| 337 |
_2rdamedia _aunmediated _bn |
||
| 338 |
_2rdacarrier _avolume _bnc |
||
| 490 | 0 | _aPlanning and cities | |
| 504 | _aIncludes bibliographical references and index. | ||
| 650 | 7 |
_aCity planning _xHistory. _2BUEsh |
|
| 650 | 7 |
_aCities and towns, Ancient. _2BUEsh _940008 |
|
| 651 | _2BUEsh | ||
| 653 | _bENGARC | ||
| 655 |
_vReading book _934232 |
||
| 942 |
_cBB _k711.40938 WAR _2ddc |
||
| 999 |
_c6103 _d6103 |
||